000 00211nam a2200097Ia 4500
008 240331s9999 xx 000 0 und d
082 _bJAY
100 _aJayathilake.B.M
245 0 _aKurulu thalawa 1-2
942 _cL
999 _c5433
_d5433